European Countries Quiz Stats

 Plays Quiz not verified by Sporcle

Also try: US State by City
Challenge
Share
Tweet
Embed
Score 0/51 Timer 10:00
0 Plays Today
Country % Correct
Andorra
97.1%
Italy
97.1%
Albania
94.1%
Belgium
94.1%
Bosnia and Herzegovina
94.1%
Croatia
94.1%
Czech Republic
94.1%
Estonia
94.1%
Finland
94.1%
France
94.1%
Hungary
94.1%
Iceland
94.1%
Ireland
94.1%
Latvia
94.1%
Liechtenstein
94.1%
Lithuania
94.1%
Luxembourg
94.1%
Moldova
94.1%
Monaco
94.1%
Netherlands
94.1%
Norway
94.1%
Slovakia
94.1%
Slovenia
94.1%
Spain
94.1%
Sweden
94.1%
Switzerland
94.1%
Country % Correct
Turkey
94.1%
United Kingdom
94.1%
Vatican City
94.1%
Belarus
91.2%
Bulgaria
91.2%
Cyprus
91.2%
Denmark
91.2%
Germany
91.2%
Greece
91.2%
Macedonia
91.2%
Montenegro
91.2%
Poland
91.2%
Portugal
91.2%
Romania
91.2%
Russia
91.2%
Austria
88.2%
Kosovo
88.2%
Malta
88.2%
San Marino
88.2%
Serbia
88.2%
Ukraine
88.2%
Armenia
64.7%
Georgia
64.7%
Azerbaijan
61.8%
Kazakhstan
52.9%

You're not logged in!

Compare scores with friends on all Sporcle quizzes.
Join for Free
OR
Log In

You Might Also Like...

Show Comments

Extras

Top Quizzes Today


Score Distribution

Your Account Isn't Verified!

In order to create a playlist on Sporcle, you need to verify the email address you used during registration. Go to your Sporcle Settings to finish the process.

Report this User

Report this user for behavior that violates our Community Guidelines.

Details: